The honeymoon is over--Jonah's argument with God (Record no. 22532)
[ view plain ]
| 000 -LEADER | |
|---|---|
| fixed length control field | 00895cam a22001934a 4500 |
| 020 ## - INTERNATIONAL STANDARD BOOK NUMBER | |
| ISBN | 9781565636729 |
| 020 ## - INTERNATIONAL STANDARD BOOK NUMBER | |
| ISBN | 1565636724 (alk. paper) |
| 082 00 - DEWEY DECIMAL CLASSIFICATION NUMBER | |
| Classification number | 224.9206 |
| Author Cutter | PER |
| 100 1# - MAIN ENTRY--AUTHOR NAME | |
| Author name | Perry, T. Anthony |
| 245 14 - TITLE STATEMENT | |
| Title | The honeymoon is over--Jonah's argument with God |
| 260 ## - PUBLICATION, DISTRIBUTION, ETC. (IMPRINT) | |
| Place of publication | Peabody, Mass. : |
| Name of publisher | Hendrickson Publishers, |
| Year of publication | c2006. |
| 300 ## - PHYSICAL DESCRIPTION | |
| Number of Pages | xxxvii, 250 p. ; |
| 505 0# - FORMATTED CONTENTS NOTE | |
| Formatted contents note | Going down under (Jonah 1) -- Jonah's prayers and near-death experience (Jonah 2) -- The Ninevites (Jonah 3) -- East of the city (Jonah 4) -- The book of love -- The book of prayer -- The book of repentance -- The final chapter of the book of Jonah -- Life on the edge I : a pastoral perspective -- Life on the edge II : a tale of the fantastic. |
| 650 #0 - SUBJECT ADDED ENTRY--TOPICAL TERM | |
| Topical Term | Theology |
| -- | Bible - Jonah |
| 650 #0 - SUBJECT ADDED ENTRY--TOPICAL TERM | |
| Topical Term | God (Judaism) |
| 856 41 - ELECTRONIC LOCATION AND ACCESS | |
| Uniform Resource Identifier | http://www.loc.gov/catdir/toc/ecip069/2006006403.html |
| 942 ## - ADDED ENTRY ELEMENTS (KOHA) | |
| Koha item type | Books |
| Home library | Current library | Shelving location | Date acquired | Full call number | Accession Number | Koha item type |
|---|---|---|---|---|---|---|
| Henry Martyn Institute Library | Henry Martyn Institute Library | General stacks | 11/23/2018 | 224.9206 PER | 11003912 | Books |
| Henry Martyn Institute Library | Henry Martyn Institute Library | General stacks | 11/23/2018 | 224.9206 PER | 11003911 | Books |
